Statistiken für Italienische Geschichte durch die Jahrhunderte

Klicken Sie hier um das Quiz zu spielen!

Allgemein

  • Dieses Quiz wurde 142 mal gespielt
  • Das Durchschnittsergebnis liegt bei 10 aus 21

Antwortstatistiken

JhdFrageAntwort% Korrekt
4. JhdDiese Religion wird zur römischen StaatsreligionChristentum
90%
7. JhdDiese norditalienische Lagunenstadt wird zum ersten Mal von einem Dogen regiertVenedig
88%
1. JhdDieses Amphitheater wird 80 n. Chr in Rom fertiggestelltKolosseum
86%
20. JhdPolitische Ideologie, die sich durch Benito Mussolini in Italien durchsetzen konnteFaschismus
77%
15. JhdCosimo de Medici wird Herrscher welcher Stadt und Patron der RenaissanceFlorenz
76%
9. JhdInsel, die ab 827 von den Arabern kontrolliert wurdeSizilien
76%
17. JhdWissenschaftler, welcher Jupitermonde entdeckte und ein Kopernikanisches Weltbild vertratGalileo Galilei
70%
18. JhdBarock-Komponist, insbesondere für die 4 Jahreszeiten bekanntAntonio Vivaldi
66%
21. JhdEhemaliger Ministerpräsident, Medienmogul und Präsident des AC MailandSilvio Berlusconi
63%
14. JhdAutor der "Göttlichen Komödie"Dante Alighieri
59%
10. JhdDeutscher König, welcher zum König von Italien und römischem Kaiser gekrönt wurdeOtto
40%
12. JhdKaiser, welche in sechs Feldzügen seine Autorität in Italien durchsetzen wollteFriedrich Barbarossa
29%
2. JhdDieser römische Kaiser, der auch als Philosoph bekannt wird, wird 121 in Rom geborenMark Aurel
29%
6. JhdDieser Volksstamm migriert nach Norditalien und gibt der Region um Mailand ihren NamenLangobarden
26%
5. JhdVolksstamm, welcher 410 Rom plündertWestgoten
25%
8. JhdFrankenkönig, der den Kirchenstadt durch eine Schenkung zu einem größeren Flächenstaat machtPippin III
19%
11. JhdDieses Volk erobert Sizilien und weite Teile SüditaliensNormannen
16%
19. JhdBezeichnung für die Epoche der Vereinigung ItaliensRisorgimento
12%
3. JhdRömischer Kaiser, welcher mit Einführung der Tetrachie eine schwere Reichskrise beendeteDiokletian
11%
13. JhdKaiserliche Parteigänger und Rivalen der GuelfenGhibellinen
8%
16. JhdBezeichnung für die Hegemonialkriege zwischen Frankreich und den Habsburgern um die Vorherrschaft in ItalienItalienische Kriege
5%

Verteilung der Resultate

Perzentil nach korrekt beantworteten Fragen

Anzahl Personen mit jedem Resultat

Ihre Resultats-Entwicklung

Sie haben dieses Quiz noch nicht gespielt